Raven's gate / (Record no. 34091)
[ view plain ]
| 000 -LEADER | |
|---|---|
| fixed length control field | 01287cam a2200397 a 4500 |
| 001 - CONTROL NUMBER | |
| control field | 13718136 |
| 003 - CONTROL NUMBER IDENTIFIER | |
| control field | OSt |
| 005 - DATE AND TIME OF LATEST TRANSACTION | |
| control field | 20140310184410.0 |
| 008 - FIXED-LENGTH DATA ELEMENTS--GENERAL INFORMATION | |
| fixed length control field | 040914s2005 nyu d 000 1 eng |
| 010 ## - LIBRARY OF CONGRESS CONTROL NUMBER | |
| LC control number | 2004021512 |
| 020 ## - INTERNATIONAL STANDARD BOOK NUMBER | |
| International Standard Book Number | 0439680093 |
| 040 ## - CATALOGING SOURCE | |
| Original cataloging agency | DLC |
| Transcribing agency | DLC |
| Modifying agency | DLC |
| 042 ## - AUTHENTICATION CODE | |
| Authentication code | lcac |
| 050 00 - LIBRARY OF CONGRESS CALL NUMBER | |
| Classification number | PZ 7 |
| Item number | .H7875 2006 |
| 100 1# - MAIN ENTRY--PERSONAL NAME | |
| Personal name | Horowitz, Anthony, |
| Dates associated with a name | 1955- |
| 9 (RLIN) | 26031 |
| 245 10 - TITLE STATEMENT | |
| Title | Raven's gate / |
| Statement of responsibility, etc | Anthony Horowitz. |
| 250 ## - EDITION STATEMENT | |
| Edition statement | 1st ed. |
| 260 ## - PUBLICATION, DISTRIBUTION, ETC. (IMPRINT) | |
| Place of publication, distribution, etc | New York : |
| Name of publisher, distributor, etc | Scholastic Press, |
| Date of publication, distribution, etc | 2006. |
| 300 ## - PHYSICAL DESCRIPTION | |
| Extent | 254 p. : |
| Dimensions | 22 cm. |
| 490 1# - SERIES STATEMENT | |
| Series statement | Book one of the Gatekeepers |
| 521 ## - TARGET AUDIENCE NOTE | |
| Target audience note | |
| 526 ## - STUDY PROGRAM INFORMATION NOTE | |
| Reading level | 620 |
| 650 #1 - SUBJECT ADDED ENTRY--TOPICAL TERM | |
| Topical term or geographic name as entry element | Witches |
| Form subdivision | Fiction. |
| 9 (RLIN) | 26032 |
| 650 #1 - SUBJECT ADDED ENTRY--TOPICAL TERM | |
| Topical term or geographic name as entry element | Stone circles |
| Form subdivision | Fiction. |
| 9 (RLIN) | 26033 |
| 650 #1 - SUBJECT ADDED ENTRY--TOPICAL TERM | |
| Topical term or geographic name as entry element | Supernatural |
| Form subdivision | Fiction. |
| 9 (RLIN) | 26034 |
| 650 #1 - SUBJECT ADDED ENTRY--TOPICAL TERM | |
| Topical term or geographic name as entry element | Foster home care |
| Form subdivision | Fiction. |
| 9 (RLIN) | 26035 |
| 650 #1 - SUBJECT ADDED ENTRY--TOPICAL TERM | |
| Topical term or geographic name as entry element | Identity |
| Form subdivision | Fiction. |
| 9 (RLIN) | 26036 |
| 651 #1 - SUBJECT ADDED ENTRY--GEOGRAPHIC NAME | |
| Geographic name | Yorkshire (England) |
| Form subdivision | Fiction. |
| 9 (RLIN) | 26037 |
| 651 #1 - SUBJECT ADDED ENTRY--GEOGRAPHIC NAME | |
| Geographic name | England |
| Form subdivision | Fiction. |
| 9 (RLIN) | 26038 |
| 800 1# - SERIES ADDED ENTRY--PERSONAL NAME | |
| Personal name | Horowitz, Anthony, |
| Dates associated with a name | 1955- |
| Title of a work | Gatekeepers ; |
| Volume/sequential designation | bk. 1. |
| 9 (RLIN) | 26039 |
| 906 ## - LOCAL DATA ELEMENT F, LDF (RLIN) | |
| a | 7 |
| b | cbc |
| c | orignew |
| d | 1 |
| e | ecip |
| f | 20 |
| g | y-gencatlg |
| 942 ## - ADDED ENTRY ELEMENTS (KOHA) | |
| Source of classification or shelving scheme | Library of Congress Classification |
| Koha item type | |
| Withdrawn status | Lost status | Source of classification or shelving scheme | Damaged status | Home library | Current library | Shelving location | Date acquired | Total Checkouts | Total Renewals | Full call number | Barcode | Date last seen | Date checked out | Copy number | Price effective from | Koha item type |
|---|---|---|---|---|---|---|---|---|---|---|---|---|---|---|---|---|
| Library of Congress Classification | Luxembourg Library | Luxembourg Library | Scholastic Reading Center Section | 10/08/2013 | 1 | 1 | PZ 7 .H7875 2006 | LEX1793 | 09/14/2017 | 08/18/2017 | 1 | 10/08/2013 | Books | |||
| Library of Congress Classification | Luxembourg Library | Luxembourg Library | Scholastic Reading Center Section | 10/08/2013 | PZ 7 .H7875 2006 | LEX1820 | 10/08/2013 | 2 | 10/08/2013 | Books |